000 00773nam a2200265Ia 4500
001 Para_187
003 CHAP
008 220125s1989 xx 000 0 und d
010 _a198789
040 _cCHAP
090 _aPA FOLLETO 3156
100 _aLawrence, John F.
_9164088
245 _aA catalog of the coleoptera of america north of México :
_b family derodontidae /
_c por John F. Lawrence
260 _aCanberra, Australia :
_b CSIRO
300 _a6 p.
410 _aAgriculture handbook; 529-65
650 _aColeopteros
_x Catálogos y colecciones
_925124
901 _aPA FOLLETO 3156
902 _aA
905 _a0000001989 0000000000 00
910 _a1989
942 _cPARA
942 _cPARA
_d1
999 _c198789
_d198789